|
|
|
|
| LEADER |
00000nam0a2200000 4500 |
| 001 |
303378 |
| 005 |
20231102001609.0 |
| 035 |
|
|
|a (RuTPU)RU\TPU\book\328601
|
| 090 |
|
|
|a 303378
|
| 100 |
|
|
|a 20150902d1968 k y0rusy50 ca
|
| 101 |
0 |
|
|a rus
|
| 102 |
|
|
|a RU
|
| 105 |
|
|
|a a z 000zy
|
| 200 |
1 |
|
|a Проектирование электрической части воздушных линий электропередачи 330-500 кв.
|f Н. А. Мельников, С. С. Рокотян, А. Н. Шеренцис
|g под ред. С. С. Рокотяна
|
| 210 |
|
|
|a Москва
|a Ленинград
|c Госэнергоиздат
|d 1963
|
| 215 |
|
|
|a 560 с.
|c ил.
|
| 606 |
1 |
|
|a Электрические линии передачи, воздушные
|2 stltpush
|3 (RuTPU)RU\TPU\subj\27009
|9 50822
|
| 610 |
1 |
|
|a проектирование
|
| 610 |
1 |
|
|a электрическая часть
|
| 610 |
1 |
|
|a сверхвысокое напряжение
|
| 610 |
1 |
|
|a строительство
|
| 610 |
1 |
|
|a эксплуатация
|
| 610 |
1 |
|
|a схемы
|
| 610 |
1 |
|
|a электропередача
|
| 610 |
1 |
|
|a параметры
|
| 610 |
1 |
|
|a конструкции
|
| 610 |
1 |
|
|a изоляция
|
| 610 |
1 |
|
|a перенапряжения
|
| 610 |
1 |
|
|a защита
|
| 610 |
1 |
|
|a заземляющие устройства
|
| 610 |
1 |
|
|a режимы работы
|
| 610 |
1 |
|
|a расчеты
|
| 610 |
1 |
|
|a пусковые режимы
|
| 610 |
1 |
|
|a компенсированные линии
|
| 675 |
|
|
|a 621.315.1
|v 3
|
| 700 |
|
1 |
|a Мельников
|b Н. А.
|g Николай Александрович
|
| 701 |
|
1 |
|a Рокотян
|b С. С.
|g Сергей Сергеевич
|
| 701 |
|
1 |
|a Шеренцис
|b А. Н.
|g Арнольд Наумович
|
| 701 |
|
1 |
|a Шеренцис
|b А. Н.
|g Арнольд Наумович
|
| 702 |
|
1 |
|a Рокотян
|b С. С.
|g Сергей Сергеевич
|4 340
|
| 801 |
|
1 |
|a RU
|b 63413507
|c 20150902
|
| 801 |
|
2 |
|a RU
|b 63413507
|c 20150923
|g RCR
|
| 942 |
|
|
|c BK
|